Indian States and UTs Vehicle Registration Codes - Statistics

General Stats
  • This quiz has been taken 8 times
  • The average score is 28 of 35
Answer Stats
Vehicle Regsitration Code State or UT % Correct
AP Andhra Pradesh
100%
AS Assam
83%
CH Chandigarh
83%
CG Chhattisgarh
83%
DL Delhi
83%
GA Goa
83%
GJ Gujarat
83%
HR Haryana
83%
HP Himachal Pradesh
83%
JH Jharkhand
83%
KA Karnataka
83%
KL Kerala
83%
LD Lakshadweep
83%
MP Madhya Pradesh
83%
MH Maharashtra
83%
MN Manipur
83%
MZ Mizoram
83%
NL Nagaland
83%
OD Odisha
83%
PY Puducherry
83%
PB Punjab
83%
RJ Rajasthan
83%
SK Sikkim
83%
TN Tamil Nadu
83%
TS or TG Telangana
83%
TR Tripura
83%
UK Uttarakhand
83%
UP Uttar Pradesh
83%
WB West Bengal
83%
AN Andaman & Nicobar Islands
67%
AR Arunachal Pradesh
67%
BR Bihar
67%
LA Ladakh
67%
ML Meghalaya
67%
DD Dadra & Nagar Haveli and Daman & Diu
50%
No matching quizzes found
Score Distribution
Percent of People with Each Score
Percentile by Number Answered
Your Score History
You have not taken this quiz